000 00320 a2200121 4500
000 nam a22 7a 4500
005 20260427114920.0
020 _a9780691234502
100 _aLaurence Louër
_91235751
245 _aSunnis and Shi'a: A Political History
260 _bPrinceton University Press
_c2022
942 _cTEXL
999 _c1848562
_d1848562